Who Scored The Goal? (Beşiktaş 24/25) European Matches - Statistics

General Stats
  • This quiz has been taken 16 times
    13 since last reset
  • The average score is 12 of 37
Answer Stats
Matches Scorer % Correct
Lugano - Beşiktaş21' 0-1 Gedson Fernandes
70%
Beşiktaş - Lugano7' 1-0 Ciro Immobile
60%
Beşiktaş - Lugano71' 4-1 Ciro Immobile
60%
Lugano - Beşiktaş51' 1-2 Gedson Fernandes
60%
Olympique Lyonnais - Beşiktaş71' 0-1 Gedson Fernandes
60%
Beşiktaş - Athletic Club17' 1-0 Milot Rashica
60%
Beşiktaş - Athletic Club60' 2-1 Milot Rashica
60%
Beşiktaş - Lugano70' 3-1 Rafa Silva
60%
Beşiktaş - Maccabi Tel Aviv38' 1-1 Rafa Silva
60%
Beşiktaş - Athletic Club78' 3-1 Rafa Silva
60%
Beşiktaş - Malmö85' 2-0 Semih Kılıçsoy
60%
Beşiktaş - Athletic Club90+2' 4-1 Joao Mario
50%
Beşiktaş - Malmö76' 1-0 Ernest Muçi
40%
Beşiktaş - Lugano65' 2-1 Gedson Fernandes
40%
Ajax - Beşiktaş31' 1-0 Kian Fitz-Jim
40%
Beşiktaş - Lugano90+2' 5-1 Salih Uçan
40%
Beşiktaş - Eintracht Frankfurt90+3' 1-3 Arthur Masuaku
30%
Bodo Glimt - Beşiktaş21' 0-1 Gedson Fernandes
30%
Beşiktaş - Athletic Club45' 1-1 Unai Gomez
30%
Lugano - Beşiktaş63' 3-3 Gabriel Paulista (OG)
20%
Ajax - Beşiktaş51' 2-0 Mika Godts
20%
Lugano - Beşiktaş55' 1-3 Mohamed Al-Musrati
20%
Beşiktaş - Eintracht Frankfurt19' 0-1 Omar Marmoush
20%
Beşiktaş - Eintracht Frankfurt82' 0-3 Ansgar Knauff
10%
Twente - Beşiktaş76' 1-0 Daan Rots
10%
Beşiktaş - Maccabi Tel Aviv45+3' 1-2 Dor Peretz
10%
Beşiktaş - Eintracht Frankfurt22' 0-2 Eric Ebimbe
10%
Beşiktaş - Maccabi Tel Aviv23' 0-1 Gavriel Kanichowsky
10%
Ajax - Beşiktaş55' 3-0 Kenneth Taylor
10%
Ajax - Beşiktaş73' 4-0 Mika Godts
10%
Bodo Glimt - Beşiktaş43' 2-1 Odin Björtuft
10%
Bodo Glimt - Beşiktaş37' 1-1 Philip Zinckernagel
10%
Lugano - Beşiktaş56' 2-3 Renato Steffen
10%
Beşiktaş - Lugano59' 1-1 Shkelqim Vladi
10%
Beşiktaş - Malmö90+3' 2-1 Soren Rieks
10%
Lugano - Beşiktaş34' 1-1 Uran Bislimi
10%
Beşiktaş - Maccabi Tel Aviv80' 1-3 Weslley Patati
10%
No matching quizzes found
Score Distribution
Percent of People with Each Score
Percentile by Number Answered
Your Score History
You have not taken this quiz since the last reset